El Estado ruinoso ante el derecho / Francisco López Merino
Descripción Física:
56 pàgines ; 21 cm
MARC
| LEADER | 00000nam a2200000Ia 4500 | ||
|---|---|---|---|
| 001 | 18335 | ||
| 003 | AGDB | ||
| 005 | 20260324175244.0 | ||
| 008 | 160829s1972 xx 000 0 cat d | ||
| 080 | |a D-3-125 | ||
| 100 | |a López Merino, Francisco |9 23390 | ||
| 245 | |a El Estado ruinoso ante el derecho / Francisco López Merino | ||
| 260 | |a Tarragona : |b Diputación Provincial. Sección de Estudios de Administración Local, |c 1972 | ||
| 300 | |a 56 pàgines ; |c 21 cm | ||
| 650 | |a Fallida |x Dret i legislació |9 23391 | ||
| 650 | |a Estat |x Aspectes econòmics |9 23392 | ||
| 710 | |a Tarragona (Catalunya : Província). |b Diputació |9 52402 | ||
| 901 | |a Arxiu | ||
| 942 | |n 1 |2 udc |c ARXIU | ||
| 952 | |0 0 |1 0 |4 0 |6 D3125 |7 1 |9 42691 |a Arxiu |b Arxiu |d 2016-12-01 |l 0 |o D-3-125 |p 18335 |r 2016-12-01 00:00:00 |w 2016-12-01 |y ARXIU | ||
| 999 | |c 45197 |d 45197 | ||